000 00717nas a2200253 4500
001 BR7600605
003 BR-BrBNA
005 20231205082908.0
007 ta
008 230509b bl.|||p| |||| 00| 00por d
040 _aBR-BrBNA
_bpor
_cBiblioteca Nacional de Agricultura
041 _a(Pt)
072 _aK10
100 1 _aPaula Neto, F. de
100 1 _aRibeiro, J.C.
100 1 _aValente, O.F.
245 1 _aTabela de volume para Eucalyptus grandis
650 _aPRODUCAO FLORESTAL
650 _aDENDROMETRIA
650 _aEUCALIPTO
773 0 _tRevista Ceres (Brazil)
_xISSN 0034-737X
_g(May 1975), v. 22(121) p. 212-222
_wBR7600605
909 _a202311
_bLúcia
_c55
_dLúcia Elande
942 _2AGRIS
_n0
_cANA
999 _c94931
_d94931